000 00505nam a2200145 4500
999 _c10783
_d10783
008 180919b ||||| |||| 00| 0 eng d
022 _a16565649
082 _aDPer 303.405 H22 June -Sept 2016 v.12 n. 7-10
100 _931405
_aAlcantara, Patrick.
245 _aHP f500:
_beye on the road/
_cPatrick Alcantara.
260 _aQuezon City:
_bHardware Zone Phils. Corp.,
_c©June -Sept 2016.
300 _av12 n9, page 45:
_billustration;
_c28 cm.
650 0 _931406
_aTechnology
_xDevices.
942 _2ddc
_cPER